The 25 most romantic cities in the world - Statistics

General Stats
  • This quiz has been taken 132 times
  • The average score is 10 of 25
Answer Stats
Hint Continent Answer % Correct
1 E Paris
100%
17 NA New York
87%
3 E Venice
70%
2 O Sydney
69%
22 NA Los Angeles
58%
10 E Prague
58%
21 Af Cape Town
53%
23 O Melbourne
51%
7 E Budapest
48%
24 E Dublin
47%
9 E Florence
46%
6 SA Buenos Aires
45%
12 E Lisbon
43%
13 O Wellington
40%
11 NA Montreal
39%
16 E Edinburgh
36%
4 As Kyoto
22%
25 NA San Diego
18%
5 E Bruges
16%
20 Af Marrakesh
14%
8 E Dubrovnik
13%
14 E Bath
8%
15 E San Sebastian
6%
19 NA Charleston
5%
18 As Jaipur
3%
No matching quizzes found
Score Distribution
Percent of People with Each Score
Percentile by Number Answered
Your Score History
You have not taken this quiz